BIBLIOTHÈQUE DE LA MAISON DU MEXIQUE

Logo 1 Logo 2

Códice Xolotl (notice nᵒ 6080)

détails MARC
000 -Sello discográfico
campo de control de longitud fija 01378nam a2200361 4500
005 - Identificación de versión
campo de control 20251017062721.0
010 ## - Número Estándar Internacional de Libros (ISBN)
Número (ISBN) 968-58-2655-2
099 ## - fechas locales
Tipo de ítem Koha LIBRO
100 ## - Datos de procesamiento general
Datos de procesamiento general 20220223d1980 m y1spay5003 ba
105 ## - Campo de datos codificados: Material textual, monográfico
Datos codificados de monografía a 001zy
200 1# - Título y mención de responsabilidad
Título propio Códice Xolotl
Designación general del material texto impreso
Primer mención de responsabilidad Edición, estudio y apéndice Charles E. Dibble
Declaración de responsabilidad subsiguiente prefacio a la segunda edición Miguel León-Portilla
205 ## - Declaración de edición
Declaración de edición 2a ed
210 ## - Publicación, distribución, etc.
Lugar de publicación, distribución, etc. México
Nombre del editor, distribuidor, etc. Universidad Nacional Autónoma de México, Instituto de Investigaciones Históricas
Fecha de publicación, distribución, etc. 1980
215 ## - Descripción física
Designación de material específico y extensión del ítem 2 v
Otras características físicas il.
Dimensiones 34 cm
318 ## - Nota de acción
Acción No se presta a domicilio
327 ## - Nota de contenidos
Texto de la nota v.1: Texto. v.2: Láminas
345 ## - Nota de información de adquisición
Fuente de adquisición/dirección de la suscripción [OBSOLETO] Donación Alain Musset
410 #1 - Series
Título Serie Amoxtli
Número de volumen 1
606 ## - Término temático usado como materia
Elemento de entrada Chichimecas (Indios)
Subdivisión temática Historia
-- Fuentes
Número Koha 11606
606 ## - Término temático usado como materia
Elemento de entrada Códice Xólotl
Número Koha 11607
607 ## - Nombre geográfico utilizado como tema
Elemento de entrada México
Subdivisión temática Historia
Subdivisión cronológica Hasta 1519
Subdivisión temática Fuentes
Número Koha 1662
660 ## - Código de área geográfica
Código MX
700 ## - Nombre personal - Responsabilidad primaria
Elemento de entrada Dibble
Parte del nombre distinta del elemento de entrada Charles Elliott
Fechas 1909-2002
Número Koha 4968
702 ## - Nombre personal - Responsabilidad secundaria
Elemento de entrada León Portilla
Parte del nombre distinta del elemento de entrada Miguel
Fechas 1926-2019
Número Koha 33
801 #0 - Fuente de origen
País FR
Agencia cm
Reglas de catalogación (convenciones descriptivas) AFNOR
900 ## -
-- 1/21654
900 ## -
-- 7100417642\080104
942 ## - ELEMENTOS DE ENTRADA SECUNDARIOS (KOHA)
Tipo de ítem Koha Livre
996 ## -
-- MEX
-- 751145101
-- MMAG
-- 006150
-- R972.011 C669XO V.1
-- 20220223LIV
996 ## -
-- MEX
-- 751145101
-- MMAG
-- 006151
-- R972.011 C669XO V.2
-- 20220223LIV
Exemplaires
Estatus retirado Estado de daño Estado de pérdida Fecha de adquisición Biblioteca de origen Biblioteca actual Ubicación en estantería Código de barras Precio de reemplazo Signatura topográfica completa No para préstamo Tipo de ítem Koha Nota pública Nota no pública
      05/08/2025 Casa México Paris Casa México Paris   006150 05/08/2025 R972.011 C669XO V.1 No se presta a domicilio Livre 20220223LIV 751145101
      05/08/2025 Casa México Paris Casa México Paris   006151 05/08/2025 R972.011 C669XO V.2 No se presta a domicilio Livre 20220223LIV 751145101